| 000 | 00558cam a2200217 4500 | ||
|---|---|---|---|
| 001 | ##D2757 | ||
| 008 | 090401t1982 xxu||||| |||| 00| 0 eng d | ||
| 020 | _a0246115025 | ||
| 035 | _a(Sirsi) u70446 | ||
| 041 | 0 | _aeng | |
| 050 | 0 | 4 | _a526.9028 $2 18 |
| 100 | 1 | _aCooper, M. A. R. | |
| 245 | 0 | 0 | _aModern theodolites and levels |
| 250 | _a2nd ed. | ||
| 260 |
_aLondon _bGranada _c1982 |
||
| 300 |
_axi, 258p. _c24cm. |
||
| 350 | _a20 | ||
| 690 | _aENVIRONMENTAL AND LAND CONSULTANCY-GEOMATICS-ENGINEERING SURVEYING | ||
| 942 | _n0 | ||
| 948 | _c04/03/1997 | ||
| 999 |
_c95327 _d95327 |
||